000 00882nam a2200253Ia 4500
003 OSt
005 20221005105346.0
006 a|||||r|||| 00| 0
007 ta
008 221004b |||||||| |||| 00| 0 hin d
024 _a33105
037 _cTextual
040 _aCRL
_cCRL
_bhin
041 _2hin
_ahin
082 _aO152,1:g, L7
100 _aशर्मा, श्रीनिवास
245 0 _aहिन्दी के आधुनिक प्रतिनिधि कवि
246 _aHindī ke ādhunik pratinidhi kavi
260 _aनई दिल्ली
_bतक्षशिला प्रकाशन भारत
_c1977
300 _a337पृ.
_ccm.
650 _aहिन्दी साहित्य
942 _hO152,1:g, L7
_cTEXL
_2cc
999 _c1015587
_d1015587